| 000 | 00943nam a2200325 a 4500 | ||
|---|---|---|---|
| 003 | AR-BaBNM | ||
| 005 | 20251128205341.0 | ||
| 008 | 082120s2002 ||||||||||||||000 | spa|| | ||
| 020 | _a84-207-3132-3 | ||
| 040 | _cAR-BaBNM | ||
| 100 | 1 | _aGiraldo, Manuel Lucena | |
| 245 | 0 | 0 |
_aFrancisco de Miranda _bel precursor de la independencia de Venezuela |
| 260 |
_aMadrid _bAnaya _c1988 |
||
| 300 |
_a127 p. _bil., láms. |
||
| 490 | 0 |
_aBiblioteca iberoamericana _vv.57 |
|
| 504 | _aContiene bibliografía para consultar p. 126. | ||
| 650 | 4 | _aBIOGRAFIAS | |
| 650 | 4 | _aPERIODO HISPANICO | |
| 650 | 4 | _aHISTORIA POLITICA | |
| 650 | 4 | _aHISTORIA SOCIAL | |
| 650 | 4 | _aMOVIMIENTOS EMANCIPADORES LATINOAMERICANOS | |
| 650 | 4 | _aREVOLUCION | |
| 650 | 4 | _aMOVIMIENTOS REVOLUCIONARIOS | |
| 651 | 4 | _aVenezuela | |
| 651 | 4 | _aEstados Unidos | |
| 655 | _aBIOGRAFIAS | ||
| 800 | 1 |
_aRoche, Antonio _edirector |
|
| 942 | _cBK | ||
| 998 | _cmariana | ||
| 999 |
_c11044 _d11044 |
||